TKKG-Folgen - Statistiken

Allgemein
  • Dieses Quiz wurde 243 mal gespielt
  • Das Durchschnittsergebnis liegt bei 60 aus 100
Antwortstatistiken
Nr. Titel der Folge % Korrekt
3 Das leere {Grab} im Moor
95%
1 Die Jagd nach den {Millionen}dieben
88%
2 Der blinde {Hellseher}
84%
5 Das {Phantom} auf dem Feuerstuhl
83%
4 Das Paket mit dem {Totenkopf}
82%
12 Nachts, wenn der {Feuer}teufel kommt
82%
6 {Angst} in der 9a
81%
54 Alarm! {Klößchen} ist verschwunden
79%
41 Heißes {Gold} im Silbersee
78%
7 Rätsel um die alte {Villa}
78%
83 Hilfe, {Gaby} in Gefahr!
77%
70 Wer hat {Tims} Mutter entführt?
76%
16 X7 {antwortet} nicht
76%
42 Anschlag auf den {Silber}pfeil
75%
10 Alarm im {Zirkus} Sarani
74%
59 Trick{dieb} auf Burg Drachenstein
73%
18 {Hexen}jagd in Lerchenbach
69%
57 Jagt das rote Geister-{Auto}!
69%
33 Wer raubte das Millionen{pferd}?
69%
38 Die weiße Schmuggler-{Yacht}
68%
44 Um {Mitternacht} am schwarzen Fluss
68%
32 Wilddiebe im Teufels{moor}
68%
27 Banditen im {Palast}hotel
67%
14 Der {Schlangen}mensch
67%
35 Die {Nacht} des Überfalls
67%
79 Ein Toter braucht {Hilfe}
67%
100 Fieser Trick mit Nr. {100}
67%
22 In den Klauen des {Tigers}
67%
49 Bombe/Haie an {Bord}
66%
20 Das Geheimnis der {chinesischen} Vase
66%
77 Der erpresste {Erpresser}
66%
53 Schüsse aus der {Rosen}hecke
66%
13 Die Bettelmönche aus {Atlantis}
65%
11 Die {Falschmünzer} vom Mäuseweg
65%
51 Gangster auf der {Garten}party
65%
43 Gefangen in der Schreckens{kammer}
65%
50 Spion auf der {Flucht}
65%
15 {Ufos} in Bad Finkenstein
65%
28 Verrat im {Höllen}tal
65%
8 Auf der Spur der {Vogel}jäger
63%
26 Das {Geisel}drama
63%
60 Der {Teufel} vom Waiga-See
63%
31 Die {Entführung} in der Mondscheingasse
63%
30 Die {Mafia} kommt zur Geisterstunde
63%
46 {Hotel} in Flammen
63%
29 {Hunde}diebe kennen keine Gnade
63%
45 Unternehmen {Grüne} Hölle
63%
78 Heißer {Draht} nach Paradiso
61%
64 Schwarze Pest aus {Indien}
61%
72 Taschengeld für ein {Gespenst}
61%
34 {Vampir} der Autobahn
60%
80 Weißes Gift im Nacht{express}
60%
9 Abenteuer im {Ferienlager}
59%
55 Der {Mörder} aus dem Schauerwald
59%
76 Die Goldgräber-{Bande}
59%
47 Todesfracht im {Jaguar}
59%
56 Todesgruß vom {Gelben} Drachen
59%
91 Crash-Kids {riskieren} ihr Leben
58%
19 Der Schatz in der {Drachen}höhle
58%
39 Die {Gift}-Party
58%
25 Die Stunde der schwarzen {Maske}
58%
73 Herr der Schlangen{insel}
58%
99 Hilflos in {eisiger} Nacht
58%
71 Stimme aus der {Unterwelt}
58%
17 Die Doppel{gängerin}
57%
93 Die Opfer mit der kühlen {Schnauze}
56%
84 Dynamit im {Kofferraum}
56%
74 Im Schatten{reich} des Dr. Mubase
56%
88 Kampf um das Zauber{schwert} "Drachenauge"
56%
65 {Sklaven} für Wutawia
55%
82 Spuk aus dem {Jenseits}
55%
85 {Freiheit} für gequälte Tiere
54%
81 Horror-Trip im {Luxus}auto
54%
86 Die {Schatz}sucher-Mafia schlägt zu
53%
40 {Duell} im Morgengrauen
53%
23 Kampf der {Spione}
53%
62 {Terror} aus dem "Pulverfass"
53%
89 Der Feind aus der {Vergangenheit}
52%
69 Achtung: Die {Monsters} kommen
51%
67 Hinterhalt im {Eulen}forst
50%
63 Die {Falle} am Fuchsbach
49%
87 Der böse Geist vom {Waisen}haus
48%
96 Die Entführung des {Pop}stars
48%
61 Im {Schatten} des Dämons
48%
68 {Rauschgift}razzia im Internat
48%
24 Gefährliche {Diamanten}
47%
52 Überfall im {Hafen}
47%
58 Der Doppelte {Pedro}
46%
92 Der grausame {Rächer}
45%
97 Die Hand an den {Sternen}
44%
66 Der {Gauner} mit der "Goldenen Hand"
42%
98 Die {Haie} vom Lotus-Garten
42%
90 {Schmuggler} reisen unerkannt
42%
36 Das {Geschenk} des Bösen
41%
37 Der letzte {Schuss}
41%
21 Die Rache des {Bombenlegers}
41%
75 {Lösegeld} am Henkersberg
40%
94 In dunkler Nacht am {Marmor}grab
35%
48 {Bestien} in der Finsternis
33%
95 {U}-{Bahn} des Schreckens
31%
Keine übereinstimmenden Quizze gefunden
Verteilung der Resultate
Anzahl Personen mit jedem Resultat
Perzentil nach korrekt beantworteten Fragen
Ihre Resultats-Entwicklung
Sie haben dieses Quiz noch nicht gespielt